| 000 | 02639cam a22003135a 4500 | ||
|---|---|---|---|
| 001 | 16453436 | ||
| 005 | 20160724105844.0 | ||
| 008 | 100910s2014 enkad frb 001 0 eng d | ||
| 010 | _a 2010038587 | ||
| 020 | _a1107417031 | ||
| 020 | _a9781107417038 | ||
| 040 |
_aDLC _beng _cDLC _dEG-ScBUE |
||
| 082 | 0 | 4 |
_a382.92 _bGOV _222 |
| 245 | 0 | 0 |
_aGoverning the World Trade Organization : _bpast, present and beyond doha / _cedited by Thomas Cottier and Manfred Elsig. |
| 260 |
_aCambridge ; _aNew York : _bCambridge University Press, _c2014. |
||
| 300 |
_axviii, 348 p. : _bill., charts ; _c24 cm. |
||
| 500 | _aIndex : p. 337-348 | ||
| 504 | _aIncludes bibligraphical references. | ||
| 505 | _aThe origins and back to the future: a conversation with Ambassador / Julio Lacarte -- After globalization? : WTO reform and the new global political economy / Tony McGrew -- Internal measures in the multilateral trading system : where are the borders of the WTO agenda? / Marion Jansen -- Legitimising global economic governance through transnational parliamentarisation: how far have we come? : How much further must we go? / Markus Krajewski -- Adapting to new power balances : institutional reform in the WTO / Amrita Narlikar -- Delegation chains, agenda control, and political mobilisation : how the EU Commission tries to affect domestic mobilisation on the DDA / Bart Kerremans -- Developing countries and monitoring WTO commitments in response to the global economic crisis / Chad Bown -- Exploring the limits of institutional coherence in trade and development / Kent Jones -- The WTO as a 'living instrument': the contribution of consensus decision-making and informality to institutional norms and practices / Mary Footer -- Crisis situations and consensus seeking: adaptive decision making in the FAO and applying its lessons to the reform of the WTO / Robert Kissack -- A post-Montesquieu analysis of the WTO / Steve Charnovitz -- Reforming the WTO : the decision-making triangle revisited / Manfred Elsig and Thomas Cottier -- Barriers to WTO reform : intellectual narrowness and the production of path-dependent thinking / Rorden Wilkinson. | ||
| 520 | _aDiscusses the various challenges the WTO faces and provides policy-relevant ideas to reform WTO governance. | ||
| 610 | 2 | 7 |
_aWorld Trade Organization. _2BUEsh _940415 |
| 650 | _2BUEsh | ||
| 651 | _2BUEsh | ||
| 653 |
_bLLAAWW _cJuly2016 |
||
| 700 | 1 |
_aCottier, Thomas _940416 _eeditor. |
|
| 700 | 1 |
_aElsig, Manfred _940417 _eeditor. |
|
| 856 | 4 | 1 |
_3Table of contents only _uhttp://www.loc.gov/catdir/enhancements/fy1101/2010038587-t.html |
| 942 |
_2ddc _e22 _k382.92 GOV |
||
| 999 |
_c22014 _d21986 |
||